Science Quiz

Random Science or Animal Quiz

5-Letter Animals by Image Quiz Stats

 Plays Quiz Updated Mar 18, 2020

Support Sporcle.
Go Orange.
Score 0/20 Timer 04:00
0 Plays Today
Answer % Correct
Tiger
99.7%
Panda
99.5%
Camel
99.1%
Zebra
97.8%
Koala
97.7%
Skunk
96.1%
Snail
95.3%
Llama
93.5%
Moose
90.5%
Sloth
89.9%
Answer % Correct
Bison
88%
Squid
86.9%
Hyena
85.1%
Otter
82.1%
Lemur
81%
Gecko
75.6%
Dingo
63.5%
Quail
60.3%
Heron
60.1%
Okapi
34.9%

From the Vault

NFL Passing TDs (2014)

by baros1

Sports 7m
There's no better feeling than throwing for a TD in the NFL...except for maybe scoring a TD yourself.
Remove Ads.
Support Sporcle.
Get the best of Sporcle when you Go Orange. This ad-free experience offers more features, more stats, and more fun while also helping to support Sporcle. Thank you for becoming a member.

Show Comments

Extras

Top Quizzes Today


Score Distribution

Your Account Isn't Verified!

In order to create a playlist on Sporcle, you need to verify the email address you used during registration. Go to your Sporcle Settings to finish the process.

Report this User

Report this user for behavior that violates our Community Guidelines.

Details: